KOHA-Header-6

Beginning ASP.NET for visual studio 2015 (Record no. 1610)

000 -LEADER
fixed length control field 00309nam a2200121Ia 4500
008 - FIXED-LENGTH DATA ELEMENTS--GENERAL INFORMATION
fixed length control field 190723s9999 xx 000 0 und d
020 ## - INTERNATIONAL STANDARD BOOK NUMBER
International Standard Book Number 978-81-265-6048-6
100 ## - MAIN ENTRY--PERSONAL NAME
Personal name William Penberthy
245 #0 - TITLE STATEMENT
Title Beginning ASP.NET for visual studio 2015
260 ## - PUBLICATION, DISTRIBUTION, ETC. (IMPRINT)
Place of publication, distribution, etc Indiana
Name of publisher, distributor, etc Wrox
Date of publication, distribution, etc 2016
300 ## - PHYSICAL DESCRIPTION
Extent 764.:p
942 ## - ADDED ENTRY ELEMENTS (KOHA)
Koha item type Books
Holdings
Withdrawn status Lost status Source of classification or shelving scheme Damaged status Not for loan Collection code Permanent Location Current Location Shelving location Date acquired Full call number Barcode Date last seen Price effective from Koha item type
          Computer Science MAJU MAJU Shelf No.A32 2019-07-23 6.76 8233 2019-07-23 2019-07-23 Computer Science

Powered by Koha